| 000 | 01082nam a2200205 i 4500 | ||
|---|---|---|---|
| 001 | 166551 | ||
| 003 | ES-MaACL | ||
| 005 | 20230906213345.0 | ||
| 008 | 990928s1882 sp |||| | spa d | ||
| 040 |
_aCCPB | B _bspa _cCCPB | B |
||
| 100 | 1 |
_aMartel y Fernández de Córdoba, Ricardo _cConde de Torres Cabrera. _977162 |
|
| 245 | 1 | 0 |
_aA S.M. el Rey don Alfonso XII (Q.D.G.) tiene la honra de ofrecer el primer azucar de remolacha obtenido en los dominios españoles producto de su colonia agrícola Santa Isabel / _cel Conde de Torres-Cabrera. |
| 260 |
_a[Córdoba] : _b[s.n.], _c1882 ( _fImp., Librería y Litogr. del "Diario de Córdoba) |
||
| 300 |
_a160 p., [1] h. pleg. ; _c30 cm. |
||
| 530 | _aDisponible también en sitio web. | ||
| 650 | 4 |
_aRemolacha- _zCórdoba (Provincia) _9152041 |
|
| 650 | 4 |
_aIndustria azucarera- _zCórdoba (Provincia) _9152042 |
|
| 852 |
_aES-MaACL _jT-664-F-9 _z-- Enc. hol., conservando la cub. original |
||
| 856 |
_uhttp://bibliotecadigitalhispanica.bne.es:80/webclient/DeliveryManager?pid=1839716&custom_att_2=simple_viewer _zIr a la página |
||
| 999 |
_c166551 _d166551 |
||